• 首页
  • 本馆介绍
  • 公告通知
  • 最新文献
  • 馆藏检索
  • 电子资源
  • 读者导购
  • 参考咨询
  • 我的图书馆
  • 登录
  • 详细信息显示
  • 放入我的书架
  • 预约/预借图书
  • 作者相关作品
  • 分类相关作品
  • 丛书相关作品
  • 出版社相关作品

书目信息

  • 表格格式
  • 工作单格式
  • 卡片格式
题名:
差异、矛盾与和谐关系研究
    
 
作者: 刘国章 著
分册:  
出版信息: 北京   中央编译出版社  2015.8
页数: 344页
开本: 25cm
丛书名: 当代中国学术文库
单 册:
中图分类: B024
科图分类:
主题词: 唯物辩证法--Wei Wu Bian Zheng Fa--研究 , 研究--Yan Jiu
电子资源:
ISBN: 978-7-5117-2724-4
000 01118nam0 22002891 450
001 350880
005 20161011095741.56
010    @a978-7-5117-2724-4@b精装@dCNY78.00
100    @a20151012d2015 em y0chiy50 ea
101 0  @achi
102    @aCN@b110000
105    @ay z 000yy
106    @ar
200 1  @a差异、矛盾与和谐关系研究@ACha Yi Mao Dun Yu He Xie Guan Xi Yan Jiu@e从辩证系统思维的视角@f刘国章著
210    @a北京@c中央编译出版社@d2015.8
215    @a344页@d25cm
225 2  @a当代中国学术文库@ADang Dai Zhong Guo Xue Shu Wen Ku
300    @a江苏省哲学社会科学基金重点项目
330    @a本书分为反思篇、求实篇和建设篇三部分,主要内容包括基本的反思与探讨;唯物辩证法的规律、实质和核心;客观规律与唯物辩证法;现当代社会发展规律;不同思维方式中的差异、矛盾与和谐等。
461  0 @12001 @a当代中国学术文库
517 1  @a从辩证系统思维的视角@ACong Bian Zheng Xi Tong Si Wei De Shi Jiao
606 0  @a唯物辩证法@AWei Wu Bian Zheng Fa@x研究
606 0  @a研究@AYan Jiu
690    @aB024@v5
701  0 @a刘国章@ALiu Guo Zhang@4著
801  0 @aCN@bTANGWEI@c20160808
905    @b0892235-8@dB024@e117@f4
    
    差异、矛盾与和谐关系研究:从辩证系统思维的视角/刘国章著.-北京:中央编译出版社,2015.8
    344页;25cm.-(当代中国学术文库)
    江苏省哲学社会科学基金重点项目
    
    ISBN 978-7-5117-2724-4(精装):CNY78.00
    本书分为反思篇、求实篇和建设篇三部分,主要内容包括基本的反思与探讨;唯物辩证法的规律、实质和核心;客观规律与唯物辩证法;现当代社会发展规律;不同思维方式中的差异、矛盾与和谐等。
●
相关链接 在E读中查询图书 在五车中查询图书 在当当中查询图书 在豆瓣中查询图书


正题名:差异、矛盾与和谐关系研究     索取号:B024/117         预约/预借

序号 登录号 条形码 馆藏地/架位号 状态 备注
1 0892235   208922353   第一样本阅览室/ [索取号:B024/117] 在馆    
2 0892236   208922362   第一借阅区/ [索取号:B024/117] 在馆    
3 0892237   208922371   第一借阅区/ [索取号:B024/117] 在馆    
4 0892238   208922380   第一借阅区/ [索取号:B024/117] 在馆    
唐山师范学院图书馆 欢迎您!
大连网信软件有限公司© 版权所有